000 00712cab a2200217 4500
001 WB3433-69
008 090401t1998 xxu||||| |||| 00| 0 eng d
035 _a(Sirsi) u88291
041 _aeng
245 _aResearch foundation pledge
260 _c1998
350 _a0
490 _aRICS Press Release
_v(pr96.comm) 3 September 1998 (2)
520 _aRICS President Richard Lay has announced plans to develop a Property Research Foundation as a part of the institution`s Agenda for Change initiative.
650 _aAGENDA FOR CHANGE
650 _aPROPERTY RESEARCH FOUNDATION
650 _aRICS
690 _aMANAGEMENT-BUSINESS MANAGEMENT-PROFESSIONAL PRACTICE
942 _n0
948 _c03/09/1998
999 _c55769
_d55769